Community initiative programme EQUAL

Enregistré dans:
Détails bibliographiques
Auteur principal: Ochotnický, Pavol
Format: Livre
Langue:anglais
Publié: Bratislava [Ministerstvo práce, sociálnych vecí a rodiny Slovenskej republiky] 2004
Sujets:
Tags: Ajouter un tag
Pas de tags, Soyez le premier à ajouter un tag!

MARC

LEADER 00000nam$a2200000$$$4500
001 0105622
005 20240502072154.7
041 0 |a eng 
044 |a SK 
245 1 0 |a Community initiative programme EQUAL  |c Pavol Ochotnický 
264 1 |a Bratislava  |b [Ministerstvo práce, sociálnych vecí a rodiny Slovenskej republiky]  |c 2004 
300 |a 127 s. 
610 2 0 |a trh práce 
610 2 0 |a zamestnanosť 
610 2 0 |a politika zamestnanosti 
610 2 0 |a Slovensko 
100 1 |a Ochotnický, Pavol